NHL Top 100 Point Scorers - Statistics

General Stats
  • This quiz has been taken 260 times
    48 since last reset
  • The average score is 55 of 100
Answer Stats
Points Player % Correct
1,623* Alex Ovechkin
100%
1,687* Sidney Crosby
100%
1,723 Mario Lemieux
97%
2,857 Wayne Gretzky
97%
1,346* Evgeni Malkin
94%
1082* Connor Mcdavid
91%
1,398 Jari Kurri
91%
1,921 Jaromir Jagr
91%
1,887 Mark Messier
91%
1,343* Patrick Kane
91%
1,850 Gordie Howe
88%
1,457 Teemu Selanne
85%
1,641 Joe Sakic
82%
1,755 Steve Yzerman
82%
1,164* Steven Stamkos
79%
1,278* Anze Kopitar
76%
1,170 Bobby Hull
76%
1,391 Brett Hull
76%
1,539 Joe Thornton
76%
1,531 Paul Coffey
76%
1,590 Phil Esposito
76%
1,197 Patrick Marleau
74%
1,300 Jarome Iginla
71%
1,374 Mike Modano
71%
1015* Nathan Mackinnon
71%
1,579 Ray Bourque
71%
1,798 Ron Francis
71%
1,157 Daniel Alfredsson
68%
1,353 Guy Lafleur
68%
1,114* John Tavares
68%
1,771 Marcel Dionne
68%
1,349 Mats Sundin
68%
1,041 Daniel Sedin
65%
1,070 Henrik Sedin
65%
1,046 Henri Richard
65%
1,065 Keith Tkachuk
65%
1,409 Dale Hawerchuk
62%
1,126 Joe Nieuwendyk
62%
1,394 Luc Robitaille
62%
1,033* Nicklas Backstrom
62%
1,142 Nicklas Lidstrom
62%
1,467 Stan Mikita
62%
1,425 Bryan Trottier
59%
1,219 Jean Beliveau
59%
1,134 Marian Hossa
59%
1,126 Mike Bossy
59%
1,354 Brendan Shanahan
56%
1,033 Martin St Louis
56%
1,040 Patrice Bergeron
56%
1,239 Peter Stastny
56%
1,420 Adam Oates
53%
1,028 Brian Leetch
53%
1,052 Denis Potvin
53%
1,006 Lanny McDonald
53%
1,533 Mark Recchi
53%
1,335 Mike Gartner
53%
1,013 Pat LaFontaine
53%
1,210 Bobby Clarke
50%
1,025 Patrik Elias
50%
1,063 Eric Staal
47%
1,116* Claude Giroux
44%
1,099 Glenn Anderson
44%
1,216 Jeremy Roenick
44%
1,184 Rod Brind'Amour
44%
1,019 Ryan Getzlaf
44%
1,338 Dave Andreychuk
41%
1,200 Dino Ciccarelli
41%
1,414 Doug Gilmour
41%
1,326 Gilbert Perreault
41%
1,369 Johnny Bucyk
41%
1,232 Phil Housley
41%
1,088 Theo Fleury
41%
1,274 Al MacInnis
38%
1,036 Bobby Smith
38%
1,121 Darryl Sittler
38%
1,327 Pierre Turgeon
38%
1,281 Alex Delvecchio
35%
1,338 Denis Savard
35%
1,068 Joe Pavelski
35%
1,032 Alexander Mogilny
32%
1,267 Jean Ratelle
32%
1,153 Michel Goulet
32%
1,130 Bernie Federko
29%
1,209 Bernie Nicholls
29%
1,103 Frank Mahovlich
29%
1,217 Larry Murphy
29%
1,063 Joe Mullen
26%
1,021 Rod Gilbert
26%
1,179 Sergei Federov
26%
1,205 Vincent Damphousse
26%
1,029 Alex Kovalev
24%
1,229 Norm Ullman
24%
1,062 Pat Verbeek
24%
1,022 Brian Bellows
21%
1,020 Dale Hunter
21%
1,012 Steve Larmer
18%
1,004 Brian Propp
15%
1,069 Dave Taylor
12%
1,033 Doug Weight
12%
1,064 Ray Whitney
12%
No matching quizzes found
Score Distribution
Percent of People with Each Score
Percentile by Number Answered
Your Score History
You have not taken this quiz since the last reset